Risk of Rain 2 - Items - Statistics

General Stats
  • This quiz has been taken 88 times
  • The average score is 53 of 202
Answer Stats
Item Rarity Answer % Correct
Passive - White (Common) Bustling Fungus
69%
Passive - White (Common) Crowbar
67%
Passive - White (Common) Energy Drink
67%
Passive - White (Common) Soldier's Syringe
67%
Passive - White (Common) Lens-Maker's Glasses
66%
Passive - White (Common) Tri-Tip Dagger
66%
Passive - White (Common) Paul's Goat Hoof
64%
Passive - White (Common) Tougher Times
64%
Passive - White (Common) Bison Steak
59%
Passive - White (Common) Gasoline
59%
Passive - White (Common) Medkit
57%
Passive - Purple (Void) Safer Spaces
55%
Passive - Red (Legendary) 57 Leaf Clover
52%
Passive - White (Common) Armor-Piercing Rounds
52%
Passive - Green (Uncommon) Runald's Band
50%
Passive - Purple (Void) Weeping Fungus
50%
Passive - Blue (Lunar) Shaped Glass
48%
Passive - White (Common) Sticky Bomb
48%
Passive - Green (Uncommon) Ukulele
48%
Passive - Green (Uncommon) Will-o'-the-wisp
48%
Passive - White (Common) Delicate Watch
47%
Untiered Delicate Watch (Broken)
47%
Passive - Red (Legendary) Dio's Best Friend
47%
Untiered Dio's Best Friend (Consumed)
47%
Passive - White (Common) Focus Crystal
47%
Passive - Green (Uncommon) Kjaro's Band
47%
Passive - White (Common) Mocha
47%
Active - Orange (Equipment) The Back-up
47%
Passive - Purple (Void) Plasma Shrimp
45%
Passive - Green (Uncommon) Infusion
43%
Passive - Yellow (Boss/Planet) Molten Perforator
43%
Passive - White (Common) Monster Tooth
43%
Passive - White (Common) Rusted Key
43%
Passive - Yellow (Boss/Planet) Charged Perforator
41%
Passive - White (Common) Personal Shield Generator
41%
Passive - White (Common) Cautious Slug
40%
Passive - Green (Uncommon) Hopoo Feather
40%
Passive - Green (Uncommon) Leeching Seed
40%
Passive - Yellow (Boss/Planet) Titanic Knurl
40%
Passive - White (Common) Topaz Brooch
40%
Passive - Purple (Void) Needletick
38%
Passive - White (Common) Repulsion Armor Plate
38%
Passive - Yellow (Boss/Planet) Shatterspleen
38%
Passive - Red (Legendary) Brilliant Behemoth
36%
Passive - Yellow (Boss/Planet) Queen's Gland
36%
Passive - White (Common) Bundle of Fireworks
34%
Passive - Green (Uncommon) Harvester's Scythe
34%
Passive - White (Common) Roll of Pennies
34%
Passive - Red (Legendary) Spare Drone Parts
34%
Passive - White (Common) Warbanner
34%
Passive - Green (Uncommon) Wax Quail
34%
Passive - Purple (Void) Encrusted Key
33%
Passive - Green (Uncommon) Ignition Tank
33%
Passive - Red (Legendary) Pocket I.C.B.M.
33%
Passive - Green (Uncommon) Razorwire
33%
Passive - Green (Uncommon) AtG Missile Mk. 1
31%
Passive - Yellow (Boss/Planet) Halcyon Seed
31%
Passive - Blue (Lunar) Purity
31%
Passive - Red (Legendary) Shattering Justice
31%
Passive - White (Common) Stun Grenade
31%
Passive - Blue (Lunar) Transcendence
31%
Passive - Purple (Void) Benthic Bloom
29%
Passive - Red (Legendary) Ceremonial Dagger
29%
Passive - Green (Uncommon) Chronobauble
29%
Untiered Empty Bottle
29%
Passive - Yellow (Boss/Planet) Genesis Loop
29%
Passive - Blue (Lunar) Gesture of the Drowned
29%
Passive - White (Common) Power Elixir
29%
Passive - Red (Legendary) Rejuvenation Rack
29%
Passive - Blue (Lunar) Stone Flux Pauldron
29%
Passive - Purple (Void) Voidsent Flame
29%
Passive - Blue (Lunar) Light Flux Pauldron
28%
Passive - White (Common) Oddly-shaped Opal
28%
Passive - Yellow (Boss/Planet) Planula
28%
Passive - Purple (Void) Polylute
28%
Passive - Green (Uncommon) Red Whip
28%
Passive - Green (Uncommon) Regenerating Scrap
28%
Untiered Regenerating Scrap (Consumed)
28%
Passive - Green (Uncommon) Sale Star
28%
Passive - Blue (Lunar) Strides of Heresy
28%
Passive - White (Common) Warped Echo
28%
Passive - White (Common) Backup Magazine
26%
Passive - Green (Uncommon) Berzerker's Pauldron
26%
Passive - White (Common) Bolstering Lantern
26%
Passive - Green (Uncommon) Fuel Cell
26%
Passive - Green (Uncommon) Ghor's Tome
26%
Active - Blue (Lunar Equipment) Helfire Tincture
26%
Passive - Purple (Void) Lost Seer's Lenses
26%
Passive - Yellow (Boss/Planet) Pearl
26%
Passive - Purple (Void) Pluripotent Larva
26%
Untiered Pluripotent Larva (Consumed)
26%
Passive - Blue (Lunar) Visions of Heresy
26%
Passive - Red (Legendary) Aegis
24%
Passive - Green (Uncommon) Breaching Fin
24%
Passive - Yellow (Boss/Planet) Empathy Cores
24%
Passive - Red (Legendary) Happiest Mask
24%
Passive - Yellow (Boss/Planet) Little Disciple
24%
Passive - Purple (Void) Lysate Cell
24%
Passive - Yellow (Boss/Planet) Mired Urn
24%
Passive - Green (Uncommon) Predatory Instincts
24%
Active - Orange (Equipment) Recycler
24%
Passive - Red (Legendary) Sentient Meat Hook
24%
Passive - Green (Uncommon) Shuriken
24%
Passive - Purple (Void) Singularity Band
24%
Active - Blue (Lunar Equipment) Spinel Tonic
24%
Passive - Red (Legendary) Alien Head
22%
Passive - Green (Uncommon) Bandolier
22%
Active - Orange (Equipment) Disposable Missile Launcher
22%
Passive - White (Common) Elusive Antlers
22%
Passive - Red (Legendary) Frost Relic
22%
Passive - Red (Legendary) Laser Scope
22%
Passive - Purple (Void) Tentabauble
22%
Passive - Red (Legendary) Unstable Tesla Coil
22%
Passive - Blue (Lunar) Beads of Fealty
21%
Passive - Red (Legendary) Ben's Raincoat
21%
Passive - Blue (Lunar) Essence of Heresy
21%
Active - Orange (Equipment) Executive Card
21%
Passive - Red (Legendary) N'kuhana's Opinion
21%
Passive - Red (Legendary) Runic Lens
21%
Untiered Tonic Affliction
21%
Active - Orange (Equipment) Trophy Hunter's Tricorn
21%
Active - Orange (Equipment) Trophy Hunter's Tricorn (Consumed)
21%
Passive - Red (Legendary) War Bonds
21%
Passive - White (Common) Chronic Expansion
19%
Active - Blue (Lunar Equipment) Effigy of Grief
19%
Passive - Blue (Lunar) Egocentrism
19%
Passive - Red (Legendary) Electric Boomerang
19%
Passive - Blue (Lunar) Eulogy Zero
19%
Passive - Blue (Lunar) Focused Convergence
19%
Active - Orange (Equipment) Forgive Me Please
19%
Active - Orange (Equipment) Gnarled Woodsprite
19%
Passive - Blue (Lunar) Hooks of Heresy
19%
Passive - Red (Legendary) Interstellar Desk Plant
19%
Passive - Yellow (Boss/Planet) Irradiant Pearl
19%
Active - Orange (Equipment) Seed of Life
19%
Active - Orange (Equipment) Seed of Life (Consumed)
19%
Passive - Green (Uncommon) Shipping Request Form
19%
Passive - Red (Legendary) Wake of Vultures
19%
Passive - Yellow (Boss/Planet) Artifact Key
17%
Passive - Blue (Lunar) Corpsebloom
17%
Active - Orange (Equipment) Foreign Fruit
17%
Active - Blue (Lunar Equipment) Glowing Meteorite
17%
Passive - Red (Legendary) Hardlight Afterburner
17%
Passive - Green (Uncommon) Item Scrap, Green
17%
Passive - Red (Legendary) Item Scrap, Red
17%
Passive - White (Common) Item Scrap, White
17%
Passive - Yellow (Boss/Planet) Item Scrap, Yellow
17%
Active - Orange (Equipment) Jade Elephant
17%
Passive - Green (Uncommon) Lepton Daisy
17%
Passive - Green (Uncommon) Rose Buckler
17%
Active - Orange (Equipment) Royal Capacitor
17%
Passive - Red (Legendary) Sonorous Whispers
17%
Passive - Red (Legendary) Symbiotic Scorpion
17%
Passive - Red (Legendary) Bottled Chaos
16%
Passive - Red (Legendary) Brainstalks
16%
Passive - Blue (Lunar) Brittle Crown
16%
Active - Orange (Equipment) Milky Chrysalis
16%
Passive - Green (Uncommon) Old War Stealthkit
16%
Active - Orange (Equipment) Preon Accumulator
16%
Passive - Red (Legendary) Soulbound Catalyst
16%
Active - Orange (Equipment) The Crowdfunder
16%
Passive - Green (Uncommon) Chance Doll
14%
Passive - Green (Uncommon) Death Mark
14%
Active - Orange (Equipment) Eccentric Vase
14%
Passive - Red (Legendary) H3AD-5T v2
14%
Passive - Purple (Void) Newly Hatched Zoea
14%
Passive - Green (Uncommon) Noxious Thorn
14%
Passive - Red (Legendary) Resonance Disc
14%
Active - Orange (Equipment) Sawmerang
14%
Active - Orange (Equipment) Volcanic Egg
14%
Active - Orange (Equipment) Gorag's Opus
12%
Passive - Red (Legendary) Growth Nectar
12%
Passive - Green (Uncommon) Hunter's Harpoon
12%
Passive - Green (Uncommon) Squid Polyp
12%
Passive - Green (Uncommon) War Horn
12%
Passive - Blue (Lunar) Longstanding Solitude
10%
Passive - Green (Uncommon) Luminous Shot
10%
Active - Orange (Equipment) Ocular HUD
10%
Passive - Green (Uncommon) Old Guillotine
10%
Active - Orange (Equipment) Super Massive Leech
10%
Passive - Green (Uncommon) Unstable Transmitter
10%
Active - Orange (Equipment) Blast Shower
9%
Passive - Yellow (Boss/Planet) Defense Nucleus
9%
Passive - Blue (Lunar) Defiant Gouge
9%
Active - Orange (Elite Equipment) Her Biting Embrace
9%
Active - Orange (Elite Equipment) His Reassurance
9%
Passive - Blue (Lunar) Mercurial Rachis
9%
Passive - Green (Uncommon) Prayer Beads
9%
Active - Orange (Equipment) Primordial Cube
9%
Active - Orange (Equipment) Remote Caffeinator
9%
Active - Orange (Elite Equipment) Aurelionite's Blessing
7%
Active - Orange (Equipment) Goobo Jr.
7%
Passive - Red (Legendary) Defensive Microbots
5%
Active - Orange (Elite Equipment) Ifrit's Distinction
5%
Active - Orange (Elite Equipment) N'kuhana's Retort
5%
Active - Orange (Equipment) Radar Scanner
5%
Active - Orange (Elite Equipment) Shared Design
5%
Active - Orange (Elite Equipment) Silence Between Two Strikes
5%
Active - Orange (Equipment) Fuel Array
3%
Active - Orange (Elite Equipment) His Spiteful Boon
3%
Active - Orange (Elite Equipment) Spectral Circlet
3%
Active - Orange (Equipment) Molotov (6-Pack)
2%
No matching quizzes found
Score Distribution
Percent of People with Each Score
Percentile by Number Answered
Your Score History
You have not taken this quiz